000 01356cam a22003254a 4500
999 _c7276
_d7276
001 13237238
003 OSt
005 20210922133604.0
008 030613s2004 nyua b 001 0 eng
010 _a 2003055314
020 _a052153738X (pbk.)
040 _aDLC
_cDDC
_dDLC
042 _apcc
050 0 0 _aQL737.P9
_bS444 2004
082 0 0 _a599.8SEX 2004
100 _aKappeler,Peter M. & Van Schaik,Carel P.;
_914936
245 0 0 _aSexual selection in primates.
_bNew and comparative perspectives.
_cEdited by Kappeler,Peter M. & Van Schaik,Carel P.;
260 _aNew York :
_bCambridge University Press,
_c2004.
300 _axiv,284p.
_bill;
_c25cm.
504 _aIncludes; references and index.
650 0 _aBiology
_95602
700 1 _aKappeler, Peter M.
_914938
700 1 _aSchaik, Carel van.
_914940
856 4 2 _3Publisher description
_uhttp://www.loc.gov/catdir/description/cam032/2003055314.html
856 4 1 _3Table of contents
_uhttp://www.loc.gov/catdir/toc/cam031/2003055314.html
856 4 2 _3Contributor biographical information
_uhttp://www.loc.gov/catdir/enhancements/fy0732/2003055314-b.html
906 _a7
_bcbc
_corignew
_d1
_eocip
_f20
_gy-gencatlg
942 _2ddc
_cO_SHELF